000 00921nam a2200277 a 4500
001 78571
003 BD-RjUL
005 20211209083138.0
008 211010s1991 nyua b 001 0 eng d
020 _a0471623016 (HB)
035 _a(BD-RjUL)78797
040 _aBD-RjUL
_beng
_cBD-RjUL
041 _aeng
082 _a547.2
_223
_bGRP 1991
100 1 _aGreene, Theodora W.
_q(Theodora Whatmough),
_d1931-2005
_9208626
245 1 0 _aProtective groups in organic synthesis /
_cTheodora W. Greene and Peter G. M. Wuts
250 _a2nd ed.
260 _aNew York ;
_bWiley,
_c1991
300 _axvi, 473 p. :
_bill. ;
_c24 cm.
500 _a"A Wiley-Interscience publication".
500 _aIncludes bibliographical references and index.
650 0 _aOrganic compounds
_xSynthesis.
_9160554
650 0 _aProtective groups (Chemistry).
_9208627
700 _aWuts, Peter G. M. , jt. auth.
_9249022
942 _2ddc
_cBK
999 _c78571
_d78571